Sozialistischer Pluralismus: Texte zur Theorie und Praxis sozialistischer Gesellschaften
| Contributors: | ; |
|---|---|
| Format: | Print Book |
| Language: | German |
| Subito Delivery Service: | Order now. |
| Check availability: | HBZ Gateway |
| WorldCat: | WorldCat |
| Interlibrary Loan: | Interlibrary Loan for the Fachinformationsdienste (Specialized Information Services in Germany) |
| Published: |
Hamburg
Hoffmann und Campe
1973
|
| In: | Year: 1973 |
| Edition: | 1. - 5. Tsd. |
| Series/Journal: | Hoffmann und Campe Reader Politologie
|
| Standardized Subjects / Keyword chains: | B
Socialism
/ Pluralism
B Communism |
| Further subjects: | B
Pluralism (Social sciences)
Addresses and lectures
B Pluralism B Socialist parties Addresses and lectures B Socialism B Communism B Marxism B Gesellschaft, Sozialistische B Socialism Addresses and lectures |
MARC
| LEADER | 00000cam a2200000 c 4500 | ||
|---|---|---|---|
| 001 | 022614613 | ||
| 003 | DE-627 | ||
| 005 | 20251219205732.0 | ||
| 007 | tu | ||
| 008 | 900517s1973 gw ||||| 00| ||ger c | ||
| 020 | |a 3455090656 |9 3-455-09065-6 | ||
| 035 | |a (DE-627)022614613 | ||
| 035 | |a (DE-576)004275292 | ||
| 035 | |a (DE-599)GBV022614613 | ||
| 035 | |a (OCoLC)36725337 | ||
| 035 | |a (OCoLC)36725337 | ||
| 035 | |a (OCoLC)263567747 | ||
| 035 | |a (DE-604)8019464061 | ||
| 040 | |a DE-627 |b ger |c DE-627 |e rakwb | ||
| 041 | |a ger | ||
| 044 | |c XA-DE | ||
| 082 | 0 | |a 320.531 |q OCLC |2 20 | |
| 084 | |a POL 160 |2 sfb | ||
| 084 | |a POL 751 |2 sfb | ||
| 084 | |a 06a |2 sdnb | ||
| 084 | |a 1 |2 ssgn | ||
| 084 | |a QD 120 |2 rvk |0 (DE-625)rvk/141286: | ||
| 084 | |a MC 8400 |2 rvk |0 (DE-625)rvk/122460: | ||
| 084 | |a MS 4740 |2 rvk |0 (DE-625)rvk/123713: | ||
| 084 | |a 89.05 |2 bkl | ||
| 245 | 0 | 0 | |a Sozialistischer Pluralismus |b Texte zur Theorie und Praxis sozialistischer Gesellschaften |c Udo Bermbach; Franz Nuscheler (Hrsg.) |
| 250 | |a 1. - 5. Tsd. | ||
| 264 | 1 | |a Hamburg |b Hoffmann und Campe |c 1973 | |
| 300 | |a 448 S. |c 8° | ||
| 336 | |a Text |b txt |2 rdacontent | ||
| 337 | |a ohne Hilfsmittel zu benutzen |b n |2 rdamedia | ||
| 338 | |a Band |b nc |2 rdacarrier | ||
| 490 | 0 | |a Hoffmann und Campe Reader |a Politologie | |
| 500 | |a Enthält Aufsätze | ||
| 583 | 1 | |a Massenentsäuert |c 2009 |2 pdager |5 DE-18 | |
| 583 | 1 | |a Archivierung/Langzeitarchivierung gewährleistet |f SLG |x XA-DE-BW |z BfZ |2 pdager |5 DE-24 | |
| 583 | 1 | |a Archivierung/Langzeitarchivierung gewährleistet |f SSG |x XA-DE-BW |2 pdager |5 DE-21 | |
| 601 | |a Sozialist | ||
| 601 | |a Gesellschaft | ||
| 650 | 0 | |a Pluralism (Social sciences) |x Addresses and lectures | |
| 650 | 0 | |a Socialism |x Addresses and lectures | |
| 650 | 0 | |a Socialist parties |x Addresses and lectures | |
| 650 | 4 | |a Sozialismus | |
| 650 | 4 | |a Kommunismus | |
| 650 | 4 | |a Marxismus | |
| 650 | 4 | |a Pluralismus | |
| 650 | 4 | |a Gesellschaft, Sozialistische | |
| 689 | 0 | 0 | |d s |0 (DE-588)4055785-6 |0 (DE-627)106156829 |0 (DE-576)209115394 |2 gnd |a Sozialismus |
| 689 | 0 | 1 | |d s |0 (DE-588)4046401-5 |0 (DE-627)104313021 |0 (DE-576)209069473 |2 gnd |a Pluralismus |
| 689 | 0 | |5 DE-101 | |
| 689 | 1 | 0 | |d s |0 (DE-588)4031892-8 |0 (DE-627)10448389X |0 (DE-576)208994718 |2 gnd |a Kommunismus |
| 689 | 1 | |5 (DE-627) | |
| 700 | 1 | |e Hrsg. |0 (DE-588)115446303 |0 (DE-627)077257219 |0 (DE-576)16026197X |4 edt |a Bermbach, Udo |d 1938-2024 | |
| 700 | 1 | |0 (DE-588)118143751 |0 (DE-627)079269273 |0 (DE-576)420873708 |4 oth |a Nuscheler, Franz |d 1938-2025 | |
| 935 | |a mteo | ||
| 935 | |i Blocktest | ||
| 936 | r | v | |a QD 120 |b Sozialismus. Syndikalismus. Kommunismus. Rätesysteme |k Wirtschaftswissenschaften |k Allgemeine Wirtschaftspolitik. Wirtschaftssysteme |k Wirtschaftssysteme |k Sozialismus. Syndikalismus. Kommunismus. Rätesysteme |0 (DE-627)1271525011 |0 (DE-625)rvk/141286: |0 (DE-576)201525011 |
| 936 | r | v | |a MC 8400 |b Allgemeines |k Politologie |k Geschichte der politischen Philosophie und der Ideologien |k Abspaltungen und Neomarxismus |k Allgemeines |0 (DE-627)1271425246 |0 (DE-625)rvk/122460: |0 (DE-576)201425246 |
| 936 | r | v | |a MS 4740 |b Sozialismus |k Soziologie |k Spezielle Soziologien |k Politische Soziologie |k Sozialismus |0 (DE-627)1271441225 |0 (DE-625)rvk/123713: |0 (DE-576)201441225 |
| 936 | b | k | |a 89.05 |j Politische Theorie |0 (DE-627)106416642 |
| 951 | |a BO | ||
| ELC | |b 1 | ||
| ITA | |a 1 |t 1 | ||
| LOK | |0 000 xxxxxcx a22 zn 4500 | ||
| LOK | |0 001 3088378643 | ||
| LOK | |0 003 DE-627 | ||
| LOK | |0 004 022614613 | ||
| LOK | |0 005 20020611000000 | ||
| LOK | |0 008 980826||||||||||||||||ger||||||| | ||
| LOK | |0 040 |a DE-21 |c DE-627 |d DE-21 | ||
| LOK | |0 852 |a DE-21 | ||
| LOK | |0 852 1 |c 13 A 6086 |9 00 | ||
| LOK | |0 935 |a kram |a konv | ||
| LOK | |0 939 |a 26-08-98 |b l01 | ||
| LOK | |0 000 xxxxxcx a22 zn 4500 | ||
| LOK | |0 001 3088378724 | ||
| LOK | |0 003 DE-627 | ||
| LOK | |0 004 022614613 | ||
| LOK | |0 005 20100408121225 | ||
| LOK | |0 008 001025||||||||||||||||ger||||||| | ||
| LOK | |0 040 |a DE-21-35 |c DE-627 |d DE-21-35 | ||
| LOK | |0 541 |e 1973/45203 | ||
| LOK | |0 852 |a DE-21-35 | ||
| LOK | |0 852 1 |c Mn 4.810 |m p |9 00 | ||
| LOK | |0 938 |k p | ||
| LOK | |0 939 |a 25-10-00 |b l01 | ||
| LOK | |0 000 xxxxxcx a22 zn 4500 | ||
| LOK | |0 001 3088378732 | ||
| LOK | |0 003 DE-627 | ||
| LOK | |0 004 022614613 | ||
| LOK | |0 005 20100407064642 | ||
| LOK | |0 008 050323||||||||||||||||ger||||||| | ||
| LOK | |0 040 |a DE-21-85 |c DE-627 |d DE-21-85 | ||
| LOK | |0 541 |e 74-776 | ||
| LOK | |0 689 |a s |0 131108083X |a Sozialismus | ||
| LOK | |0 852 |a DE-21-85 | ||
| LOK | |0 852 1 |c 3.427.1973 |m p |9 00 | ||
| LOK | |0 935 |a k085 | ||
| LOK | |0 938 |k p | ||
| LOK | |0 939 |a 23-03-05 |b l01 | ||
| LOK | |0 000 xxxxxcx a22 zn 4500 | ||
| LOK | |0 001 3088378740 | ||
| LOK | |0 003 DE-627 | ||
| LOK | |0 004 022614613 | ||
| LOK | |0 005 20121102143743 | ||
| LOK | |0 008 121102||||||||||||||||ger||||||| | ||
| LOK | |0 040 |a DE-21-62 |c DE-627 |d DE-21-62 | ||
| LOK | |0 541 |e I/21000 | ||
| LOK | |0 852 |a DE-21-62 | ||
| LOK | |0 852 1 |c 4726 |m p |9 00 | ||
| LOK | |0 938 |a 1210 |f ger | ||
| LOK | |0 938 |k p | ||
| LOK | |0 939 |a 02-11-12 |b l01 | ||
| ORI | |a SA-MARC-ixtheoa001.raw | ||
| REF | |a Sozialistische Gesellschaft | ||
| REL | |a 1 | ||
| STA | 0 | 0 | |a Communism,Marxism,Marxist theory,Socialism,Pluralism,Plurality,Pluralism,Socialism |
| STB | 0 | 0 | |a Communisme,Marxisme,Pluralisme,Pluralisme (philosophie),Multipartisme,Socialisme |
| STC | 0 | 0 | |a Comunismo,Maoísmo,Marxismo,Pluralismo,Socialismo |
| STD | 0 | 0 | |a Comunismo,Marxismo,Pluralismo,Socialismo |
| STE | 0 | 0 | |a 共产主义,多元论,社会主义,马克思主义 |
| STF | 0 | 0 | |a 共產主義,多元論,社會主義,馬克思主義 |
| STG | 0 | 0 | |a Comunismo,Marxismo,Pluralismo,Socialismo |
| STH | 0 | 0 | |a Коммунизм,Марксизм,Плюрализм,Социализм |
| STI | 0 | 0 | |a Κομμουνισμός,Μαρξισμός,Πλουραλισμός,Σοσιαλισμός |
| SUB | |a REL | ||
| SYE | 0 | 0 | |a Sozialistisches Gesellschaftssystem , Marxistische Theorie , Pluralität |
| SYG | 0 | 0 | |a Sozialistisches Gesellschaftssystem , Pluralität |



